000 00956cam a22003137a 4500
003 CHAP
005 20220901151206.0
008 971013s r 00010 d
010 _a13357
011 _a14329
035 _a18402
040 _cCHAP
090 _aTesis
100 0 0 _aCastañón Moreno, Blanca María E.
_919971
245 1 4 _aLos encabezamientos de materia
260 _aMéxico, D.F. :
_bEl autor,
_c(s.a.)
300 _a239 p.
502 _aTesis (Lic. en Bibliotecología) -- UNAM. Fac. de Filosofía y Letras. Colegio de Bibliotecología y Archiviología
590 _aALEPH
_b10
_c20130110
590 _aBATCH-UPD
_b10
_c20130110
590 _aBATCH-UPD
_b10
_c20130110
590 _aBATCH-UPD
_b10
_c20130409
590 _aBATCH-UPD
_b10
_c20130914
590 _aCONVERSION
_b10
_c20130109
650 1 4 _aEncabezamientos de materia.
_936718
901 _aBK
942 _cTESIS
_2local
949 _bBC
_cTES
_d-42947
_eB
_i18402
_si
999 _c13357
_d13357